Lecciones básicas de biomecánica del aparato locomotor

I tiakina i:
Ngā taipitopito rārangi puna kōrero
Kaituhi matua: Viladot Voegeli, Antonio (Author)
Hōputu: Pukapuka
Reo:Pāniora
I whakaputaina: Barcelona Springer Ibérica 2001
Putanga:1a. ed
Ngā marau:
Ngā Tūtohu: Tāpirihia he Tūtohu
Kāore He Tūtohu, Me noho koe te mea tuatahi ki te tūtohu i tēnei pūkete!

MARC

LEADER 00000nam a2200000 a 4500
001 UCM8615
003 CL-VaPUC
008 030321e20010000SP |||||||||||||||||spa|d
020 |a 8407001988 
082 0 4 |a 612.76  |b VIL  |2 21 
100 0 |a Viladot Voegeli, Antonio  |e author  |9 474696 
245 1 0 |a Lecciones básicas de biomecánica del aparato locomotor 
250 |a 1a. ed 
300 |a 342 p 
942 |c BK 
945 |d 20030321 00:00:00  |a cmena 
260 |a Barcelona  |b Springer Ibérica  |c 2001 
650 0 |a Biomecánica  |9 307420 
650 0 |a Músculos  |9 269552 
650 0 |a Aparato locomotor (musculoesqueleto)  |9 474697 
650 7 |a ESQUELETO  |2 CL-VaPUC  |9 343059 
650 0 |a Anatomía humana   |9 269546 
583 |a last modification  |c 20030321 00:00:00  |k Rodrigo Vera 
999 |c 303076  |d 303074 
952 |0 0  |1 0  |4 0  |6 612_760000000000000_VIL_2001  |7 0  |8 R  |9 364041  |a BIBEDU  |b BIBEDU  |c MCIRC  |d 2019-11-21  |i 3884716  |o 612.76 VIL 2001  |p 3884716  |r 2023-01-13  |w 2019-11-21  |y BK_R  |k EFI 
952 |0 0  |1 0  |4 0  |6 612_760000000000000_VIL_2001  |7 0  |8 A  |9 364042  |a BIBCUR  |b BIBCUR  |d 2019-11-21  |i 1087932  |o 612.76 VIL 2001  |p 1087932  |r 2025-04-22  |w 2019-11-21  |y BK  |k KIN